| 000 | 00664nam a2200229 i 4500 | ||
|---|---|---|---|
| 003 | DO-SdBNP | ||
| 005 | 20241011144716.0 | ||
| 007 | ta | ||
| 008 | 240410s2004 dr 000 p spa d | ||
| 040 |
_aDO-SdBNP _bspa _cBNPHU _erda |
||
| 082 |
_bV422c _222 |
||
| 100 |
_aVega, Máximo, _eautor _4aut. _922617 |
||
| 245 | 1 | 3 |
_aLa ciudad perdida _cMáximo Vega |
| 264 | 4 |
_aSantiago, República Dominicana : _bEditora Sociedarte, _c2004. |
|
| 300 |
_a72 páginas ; _c21 cm. |
||
| 336 |
_atexto _btxt _2rdacontent |
||
| 337 |
_asin mediación _bn _2rdamedia |
||
| 338 |
_avolumen _bnc _2rdacarrier |
||
| 590 | _aInventariado, 2024 / DG | ||
| 910 | _aDG | ||
| 942 |
_2ddc _cLBS1 |
||
| 999 |
_c57809 _d57809 |
||